000 00420cam a22001217a 4500
008 180718b1968 xxu||||| |||| 00| 0 eng d
082 _aO96x54 In2 r
245 _aRecommended daily allowances of nutrients and balanced diets
_cby Indian Council Of Medical Research
260 _aHyderabad
_bNutrition Research Laboratories
_c1968
300 _a8p
650 _aNutrition - India.
700 _aIndia.Indian Council Of Medica
999 _c414856
_d414856